Hlavný kontrolór obce a výkon jeho funkcie v praxi

Zákon č. 369/1990 Zb. o obecnom zriadení v z. n. p. predpokladá, že každá obec má mať obsadenú pozíciu hlavného kontrolóra. V tomto smere sa treba bližšie zaoberať výkonom funkcie hlavného kontrolóra, ako aj skutočnosťami, ktoré počas výkonu jeho funkcie môžu nastať, pričom v tomto článku som sa za...

Ausführliche Beschreibung

Gespeichert in:
Bibliographische Detailangaben
1. Verfasser: Strapáč, Peter
Format: Buchkapitel
Sprache:Slowakisch
Schlagworte:
Tags: Tag hinzufügen
Keine Tags, Fügen Sie das erste Tag hinzu!

MARC

LEADER 00000naa a2200000 4500
001 0185310
005 20231204111815.0
041 0 |a slo 
044 |a SK 
245 1 0 |a Hlavný kontrolór obce a výkon jeho funkcie v praxi  |c Peter Strapáč 
520 |a Zákon č. 369/1990 Zb. o obecnom zriadení v z. n. p. predpokladá, že každá obec má mať obsadenú pozíciu hlavného kontrolóra. V tomto smere sa treba bližšie zaoberať výkonom funkcie hlavného kontrolóra, ako aj skutočnosťami, ktoré počas výkonu jeho funkcie môžu nastať, pričom v tomto článku som sa zameral hlavne na dlhodobú práceneschopnosť hlavného kontrolóra, prípadne odchod hlavnej kontrolórky na materskú dovolenku alebo rodičovskú dovolenku, čím je spôsobená dlhodobá absencia hlavného kontrolóra v práci. V praxi sa často stretávame s takýmito prípadmi, pričom treba poukázať na jednotlivé úskalia tohto problému. 
610 2 0 |a obce 
610 2 0 |a legislatíva 
610 2 0 |a kontrolóri 
610 2 0 |a vzťahy pracovné 
610 2 0 |a zákonník práce 
100 1 |a Strapáč, Peter